Nationality of Players #2 - 30+ - Statistics

General Stats
  • This quiz has been taken 143 times
    134 since last reset
  • The average score is 30 of 30
Answer Stats
Player Nationality % Correct
Franck Ribéry France
100%
Karim Benzema France
100%
Jérôme Boateng Germany
100%
Mats Hummels Germany
100%
Toni Kroos Germany
100%
Thomas Müller Germany
100%
Ciro Immobile Italy
100%
Gianluigi Buffon Italy
100%
Giorgio Chiellini Italy
100%
Leonardo Bonucci Italy
100%
Cristiano Ronaldo Portugal
100%
César Azpilicueta Spain
100%
Pepe Reina Spain
100%
Sergio Ramos Spain
100%
Lionel Messi Argentina
99%
Maxi Rodríguez Argentina
99%
Sergio Agüero Argentina
99%
Luka Modrić Croatia
99%
Kazuyoshi Miura Japan
99%
Shunsuke Nakamura Japan
99%
Robert Lewandowski Poland
99%
Wojciech Szczęsny Poland
99%
Zlatan Ibrahimović Sweden
99%
Diego Godín Uruguay
98%
Edinson Cavani Uruguay
98%
Luis Suárez Uruguay
98%
David Ospina Colombia
97%
Radamel Falcao Colombia
97%
Ben Foster England
97%
Samir Handanović Slovenia
91%
No matching quizzes found
Score Distribution
Percent of People with Each Score
Percentile by Number Answered
Your Score History
You have not taken this quiz since the last reset